La fonética
Збережено в:
| Автор: | |
|---|---|
| Формат: | Книга |
| Мова: | Іспанська |
| Опубліковано: |
Buenos Aires
EUDEBA
1981
|
| Редагування: | 9a. ed |
| Серія: | Los Indispensables, 107
|
| Предмети: | |
| Теги: |
Додати тег
Немає тегів, Будьте першим, хто поставить тег для цього запису!
|
MARC
| LEADER | 00000nam a2200000 a 4500 | ||
|---|---|---|---|
| 001 | UCR9503 | ||
| 003 | CL-VaPUC | ||
| 008 | 980613e19810000AG |||||||||||||||||spa|d | ||
| 082 | 0 | 4 | |a 414 |b MAL |2 21 |
| 100 | |a Malmberg, Bertil |e autor |9 469144 | ||
| 245 | 1 | 3 | |a La fonética |
| 250 | |a 9a. ed | ||
| 300 | |a 127 p | ||
| 942 | |c BK | ||
| 945 | |d 19980613 00:00:00 |a crobeson | ||
| 260 | |a Buenos Aires |b EUDEBA |c 1981 | ||
| 650 | 0 | |a Fonética |9 308371 | |
| 650 | 0 | |a Lingüística |9 265068 | |
| 650 | 0 | |a Análisis del habla |9 342630 | |
| 650 | 0 | |a Fonación |9 335779 | |
| 650 | 0 | |a Fonología |9 341074 | |
| 650 | 7 | |a HABLA |2 CL-VaPUC |9 311668 | |
| 583 | |a last modification |c 19980613 00:00:00 |k Rodrigo Vera | ||
| 490 | 0 | |a Los Indispensables, 107 | |
| 999 | |c 270694 |d 270692 | ||
| 952 | |0 0 |1 0 |4 0 |6 414_000000000000000_MAL_1981 |7 0 |8 A |9 305075 |a BIBEDU |b BIBEDU |d 2019-11-20 |i 141710K |o 414 MAL 1981 |p 141710K |r 2019-11-20 |w 2019-11-20 |y BK |k LIT | ||